000 00415nam a2200169Ia 4500
001 25820
003 IN-NITTTR
005 20251114233326.0
008 251113s9999||||xx |||||||||||||| ||eng||
040 _beng
040 _cIN-NITTTR
041 _aeng
082 _a004.65 S14N
100 _aSubramanian, Mani
245 0 _aNetwork management :
_bprinciples and practice. /
_cSubramanian, Mani
942 _2ddc
_cBK
999 _c28449
_d28449